[Event "I Cerrado U.E.Montcada 2013"]
[Site "Montcada i Reixac ESP"]
[Date "2013.03.10"]
[Round "6.2"]
[White "Cruz, Cristhian"]
[Black "Panelo, Marcelo"]
[Result "1/2-1/2"]
[WhiteElo "2505"]
[BlackElo "2429"]
[PlyCount "115"]
[EventDate "2013.02.15"]
[EventType "tourn"]
[EventRounds "9"]
[EventCountry "ESP"]
[EventCategory "6"]
[Source "lmi"]
[SourceDate "2013.02.14"]

1. d4 Nf6 2. g3 d5 3. Bg2 e6 4. Nf3 c5 5. O-O Nc6 6. c4 dxc4 7. Qa4 Bd7 8. Qxc4
b5 9. Qd3 c4 10. Qd1 Rc8 11. Bg5 Be7 12. Nc3 b4 13. Bxf6 gxf6 14. Ne4 f5 15.
Nc5 Bxc5 16. dxc5 Qe7 17. Qd2 Qxc5 18. Rfd1 Rc7 19. Rac1 Ne7 20. Qh6 Bc6 21.
Qf6 Rf8 22. Ng5 Bxg2 23. Kxg2 Nd5 24. Qh6 Rg8 25. e4 Rxg5 26. Qxg5 fxe4 27.
Qg8+ Ke7 28. Qxh7 e3 29. Qh4+ Ke8 30. Qd4 Qc6 31. f3 c3 32. bxc3 bxc3 33. h4
Qb5 34. Rc2 Rd7 35. Rdc1 Ke7 36. a4 Qb3 37. Kh3 Qb7 38. h5 Qb6 39. Qh4+ Kd6 40.
h6 Qd8 41. Qd4 Qg5 42. Rxc3 Qxh6+ 43. Kg2 Ke7 44. R3c2 Qg6 45. Qh4+ f6 46. Qe4
Qg7 47. f4 Qg4 48. Rh1 Kd6 49. Qf3 Qf5 50. Rhc1 Rh7 51. Kg1 Rg7 52. Rc6+ Kd7
53. Ra6 Kd8 54. Rd6+ Ke7 55. Ra6 Kd8 56. Rd6+ Ke7 57. Ra6 Kd8 58. Rd6+ 1/2-1/2

[Event "I Cerrado U.E.Montcada 2013"]
[Site "Montcada i Reixac ESP"]
[Date "2013.03.10"]
[Round "6.3"]
[White "Camacho Collados, Jose"]
[Black "Herraiz Hidalgo, Herminio"]
[Result "1-0"]
[WhiteElo "2330"]
[BlackElo "2476"]
[PlyCount "101"]
[EventDate "2013.02.15"]
[EventType "tourn"]
[EventRounds "9"]
[EventCountry "ESP"]
[EventCategory "6"]
[Source "lmi"]
[SourceDate "2013.02.14"]

1. Nf3 Nf6 2. g3 g6 3. Bg2 Bg7 4. c4 d5 5. cxd5 Nxd5 6. d4 O-O 7. O-O Nc6 8.
Nc3 Nb6 9. d5 Na5 10. Qc2 c6 11. dxc6 Nxc6 12. Rd1 Qe8 13. Qe4 Bf5 14. Qh4 f6
15. g4 Be6 16. b3 Rd8 17. Bb2 Nd5 18. e3 Ndb4 19. Ne2 Qf7 20. Nfd4 Nxd4 21.
Nxd4 Bd5 22. e4 e5 23. exd5 exd4 24. Bxd4 Nxd5 25. Qg3 b6 26. Bb2 g5 27. Qd3
Nb4 28. Qxd8 Rxd8 29. Rxd8+ Bf8 30. a3 Qe7 31. Rxf8+ Kxf8 32. axb4 Qe2 33. Bxf6
Qxg4 34. h3 Qf4 35. Bb2 h5 36. Rxa7 Qd2 37. Bg7+ Kg8 38. Bf3 g4 39. hxg4 hxg4
40. Bxg4 Qg5 41. f3 Qe3+ 42. Kf1 Qd3+ 43. Kf2 Qd2+ 44. Kg3 Qe1+ 45. Kg2 b5 46.
Bd4 Qd2+ 47. Bf2 Qxb4 48. Be6+ Kf8 49. Be3 Qd6 50. Bh6+ Ke8 51. Ra8+ 1-0

[Event "I Cerrado U.E.Montcada 2013"]
[Site "Montcada i Reixac ESP"]
[Date "2013.03.10"]
[Round "6.4"]
[White "Espinoza Palomino, Willyam"]
[Black "Perez Mitjans, Orelvis"]
[Result "1/2-1/2"]
[WhiteElo "2284"]
[BlackElo "2487"]
[PlyCount "20"]
[EventDate "2013.02.15"]
[EventType "tourn"]
[EventRounds "9"]
[EventCountry "ESP"]
[EventCategory "6"]
[Source "lmi"]
[SourceDate "2013.02.14"]

1. e4 d5 2. exd5 Qxd5 3. Nc3 Qa5 4. d4 Nf6 5. Nf3 Bg4 6. h3 Bh5 7. g4 Bg6 8.
Ne5 e6 9. Bg2 Qa6 10. h4 Bb4 1/2-1/2

[Event "I Cerrado U.E.Montcada 2013"]
[Site "Montcada i Reixac ESP"]
[Date "2013.03.10"]
[Round "6.5"]
[White "Gomez Jurado, Luis Alberto"]
[Black "Lorenzo De La Riva, Lazaro"]
[Result "1/2-1/2"]
[WhiteElo "2255"]
[BlackElo "2436"]
[PlyCount "145"]
[EventDate "2013.02.15"]
[EventType "tourn"]
[EventRounds "9"]
[EventCountry "ESP"]
[EventCategory "6"]
[Source "lmi"]
[SourceDate "2013.02.14"]

1. c4 e5 2. g3 Nc6 3. Nc3 Bb4 4. Nd5 Bc5 5. Bg2 Nge7 6. Nf3 d6 7. O-O O-O 8. d3
Bg4 9. h3 Bh5 10. a3 Nxd5 11. cxd5 Ne7 12. g4 Bg6 13. d4 exd4 14. Nxd4 Bxd4 15.
Qxd4 f5 16. b4 Rf7 17. f4 h5 18. gxh5 Bxh5 19. Bf3 Bxf3 20. Rxf3 Ng6 21. Bb2
Qh4 22. Kh2 Re8 23. e3 Re4 24. Qd2 Nf8 25. Rg1 Nd7 26. Rfg3 Nf6 27. Bxf6 Qxf6
28. Rg6 Qe7 29. R1g3 Rf6 30. Rxg7+ Qxg7 31. Rxg7+ Kxg7 32. Qc3 Re7 33. Qd4 a6
34. Kg3 Kf7 35. h4 Rg6+ 36. Kf2 Rh6 37. Kg3 Kg6 38. Qd3 Rh8 39. Qc3 Rhe8 40.
Kf2 Rh7 41. h5+ Rxh5 42. Qxc7 Rh2+ 43. Kf1 Rxe3 44. Qxd6+ Kh5 45. Qf6 Kg4 46.
Kg1 Rhe2 47. Qg5+ Kf3 48. Qh5+ Ke4 49. d6 Rb2 50. Kf1 Rxa3 51. Qd1 Rf3+ 52. Kg1
Rg3+ 53. Kh1 Rh3+ 54. Kg1 Rbh2 55. Qb1+ Kxf4 56. Qf1+ Ke5 57. d7 Rh1+ 58. Kg2
R1h2+ 59. Kg1 Rh1+ 60. Kg2 R3h2+ 61. Kg3 Rxf1 62. d8=Q Rff2 63. Qe7+ Kd4 64.
Qxb7 f4+ 65. Kg4 Rhg2+ 66. Kf5 Kc3 67. Qxa6 Kxb4 68. Qb7+ Kc3 69. Qc6+ Kd3 70.
Qe4+ Kd2 71. Qd4+ Ke2 72. Qe4+ Kd2 73. Qd4+ 1/2-1/2

[Event "I Cerrado U.E.Montcada 2013"]
[Site "Montcada i Reixac ESP"]
[Date "2013.03.15"]
[Round "7.1"]
[White "Lorenzo De La Riva, Lazaro"]
[Black "Martinez Ramirez, Erik"]
[Result "1/2-1/2"]
[WhiteElo "2436"]
[BlackElo "2302"]
[PlyCount "103"]
[EventDate "2013.02.15"]
[EventType "tourn"]
[EventRounds "9"]
[EventCountry "ESP"]
[EventCategory "6"]
[Source "lmi"]
[SourceDate "2013.02.14"]

1. e4 c5 2. Nf3 g6 3. d4 cxd4 4. Nxd4 Bg7 5. Nc3 Nc6 6. Be3 Nf6 7. Bc4 O-O 8.
Bb3 d6 9. f3 Bd7 10. h4 a5 11. a4 Nxd4 12. Bxd4 Be6 13. Bxe6 fxe6 14. Qd2 Rc8
15. h5 Nxh5 16. Bxg7 Kxg7 17. O-O-O Rf7 18. Qg5 Kh8 19. Qb5 Qc7 20. Qb3 Qd7 21.
Rd2 Rc5 22. Ne2 Rf6 23. Kb1 e5 24. g4 Ng7 25. Ng3 Ne6 26. Rdh2 Rf7 27. Rh6 Rg7
28. Nf5 gxf5 29. Rxe6 fxg4 30. fxg4 Rc7 31. Rh2 Qe8 32. Reh6 Qg8 33. Qb6 Rc4
34. g5 Rxe4 35. b3 Rg4 36. Qxb7 R4xg5 37. R2h4 Rf7 38. Ka2 Rg4 39. Rh2 Rg6 40.
R6h4 Rg1 41. Qa7 Rg4 42. Rh6 Qd8 43. Qb7 Rgg7 44. Qe4 Kg8 45. Qd5 Kh8 46. R6h5
Qc7 47. Rh6 Qc3 48. Qa8+ Rg8 49. Qe4 Rgg7 50. Qa8+ Rg8 51. Qd5 Rg1 52. Qa8+
1/2-1/2

[Event "I Cerrado U.E.Montcada 2013"]
[Site "Montcada i Reixac ESP"]
[Date "2013.03.15"]
[Round "7.2"]
[White "Perez Mitjans, Orelvis"]
[Black "Gomez Jurado, Luis Alberto"]
[Result "1/2-1/2"]
[WhiteElo "2487"]
[BlackElo "2255"]
[PlyCount "96"]
[EventDate "2013.02.15"]
[EventType "tourn"]
[EventRounds "9"]
[EventCountry "ESP"]
[EventCategory "6"]
[Source "lmi"]
[SourceDate "2013.02.14"]

1. e4 c6 2. Nf3 d5 3. Nc3 Bg4 4. h3 Bxf3 5. Qxf3 e6 6. d4 dxe4 7. Nxe4 Qxd4 8.
c3 Qd5 9. Bf4 Nf6 10. Nxf6+ gxf6 11. Qg3 e5 12. Be3 Nd7 13. Be2 f5 14. Rd1 Qe6
15. O-O f4 16. Bxf4 exf4 17. Qxf4 Qe5 18. Qd2 O-O-O 19. Rfe1 Kc7 20. Bg4 Qf6
21. Bxd7 Bd6 22. Re6 fxe6 23. Qxd6+ Kb6 24. Rd4 a5 25. b4 Rhf8 26. bxa5+ Ka7
27. Qc7 Rf7 28. f3 Rdxd7 29. Rxd7 Rxd7 30. Qxd7 Qxc3 31. Qxe6 c5 32. Qb6+ Ka8
33. Qd8+ Ka7 34. Kf2 c4 35. f4 Qb2+ 36. Kf3 c3 37. Qb6+ Ka8 38. Qd8+ Ka7 39.
Qd4+ Ka8 40. f5 Qc1 41. f6 Qf1+ 42. Qf2 Qd3+ 43. Kg4 c2 44. f7 Qg6+ 45. Kh4
Qh6+ 46. Kg3 Qd6+ 47. Kg4 Qg6+ 48. Kh4 Qh6+ 1/2-1/2

[Event "I Cerrado U.E.Montcada 2013"]
[Site "Montcada i Reixac ESP"]
[Date "2013.03.15"]
[Round "7.3"]
[White "Herraiz Hidalgo, Herminio"]
[Black "Espinoza Palomino, Willyam"]
[Result "1/2-1/2"]
[WhiteElo "2476"]
[BlackElo "2284"]
[PlyCount "109"]
[EventDate "2013.02.15"]
[EventType "tourn"]
[EventRounds "9"]
[EventCountry "ESP"]
[EventCategory "6"]
[Source "lmi"]
[SourceDate "2013.02.14"]

1. d4 Nf6 2. c4 e6 3. Nf3 b6 4. Bf4 Bb7 5. e3 Bb4+ 6. Nfd2 d5 7. Qa4+ Nc6 8. a3
Bd6 9. Bg5 O-O 10. cxd5 exd5 11. Nc3 Nb8 12. Be2 Nbd7 13. O-O h6 14. Bh4 c6 15.
Rfd1 Re8 16. Nf1 Nf8 17. Rac1 Ng6 18. Bg3 Bf8 19. Bd3 Ne4 20. Nxe4 dxe4 21. Be2
Ne7 22. Nd2 Nd5 23. Qb3 Qd7 24. Nc4 f6 25. f3 Kh8 26. fxe4 Rxe4 27. Bf3 Ree8
28. e4 Nc7 29. Kh1 Ne6 30. d5 cxd5 31. exd5 Nc5 32. Qc2 b5 33. Na5 Rac8 34. Qg6
f5 35. Nc6 Ne4 36. Bxe4 Rxe4 37. h3 Rce8 38. Rc3 f4 39. Bf2 Kg8 40. b4 Re2 41.
Kg1 a6 42. Rcd3 Bd6 43. Nd4 R2e5 44. Nf3 Rf5 45. R3d2 a5 46. Bc5 Bf8 47. Bxf8
Rexf8 48. bxa5 R8f6 49. Qg4 Qd6 50. Rd3 Bxd5 51. a6 Qb6+ 52. Kh2 Bxf3 53. Rd8+
Kh7 54. Qxf3 Qxa6 55. R1d5 1/2-1/2

[Event "I Cerrado U.E.Montcada 2013"]
[Site "Montcada i Reixac ESP"]
[Date "2013.03.15"]
[Round "7.4"]
[White "Panelo, Marcelo"]
[Black "Camacho Collados, Jose"]
[Result "1/2-1/2"]
[WhiteElo "2429"]
[BlackElo "2330"]
[PlyCount "23"]
[EventDate "2013.02.15"]
[EventType "tourn"]
[EventRounds "9"]
[EventCountry "ESP"]
[EventCategory "6"]
[Source "lmi"]
[SourceDate "2013.02.14"]

1. d4 d5 2. c4 e6 3. Nc3 Nf6 4. cxd5 exd5 5. Bg5 Be7 6. e3 c6 7. Bd3 Nbd7 8.
Nf3 O-O 9. Qc2 Re8 10. O-O Nf8 11. h3 g6 12. Rab1 1/2-1/2

[Event "I Cerrado U.E.Montcada 2013"]
[Site "Montcada i Reixac ESP"]
[Date "2013.03.17"]
[Round "8.3"]
[White "Espinoza Palomino, Willyam"]
[Black "Panelo, Marcelo"]
[Result "1/2-1/2"]
[WhiteElo "2284"]
[BlackElo "2429"]
[PlyCount "23"]
[EventDate "2013.02.15"]
[EventType "tourn"]
[EventRounds "9"]
[EventCountry "ESP"]
[EventCategory "6"]
[Source "lmi"]
[SourceDate "2013.02.14"]

1. e4 e5 2. Nf3 Nc6 3. Bb5 a6 4. Ba4 Nf6 5. O-O Nxe4 6. Re1 Nc5 7. Nc3 Be7 8.
Nd5 O-O 9. Bxc6 dxc6 10. Nxe7+ Qxe7 11. d4 Ne6 12. Rxe5 1/2-1/2

[Event "I Cerrado U.E.Montcada 2013"]
[Site "Montcada i Reixac ESP"]
[Date "2013.03.17"]
[Round "8.4"]
[White "Gomez Jurado, Luis Alberto"]
[Black "Herraiz Hidalgo, Herminio"]
[Result "1/2-1/2"]
[WhiteElo "2255"]
[BlackElo "2476"]
[PlyCount "46"]
[EventDate "2013.02.15"]
[EventType "tourn"]
[EventRounds "9"]
[EventCountry "ESP"]
[EventCategory "6"]
[Source "lmi"]
[SourceDate "2013.02.14"]

1. c4 Nf6 2. g3 g6 3. Bg2 Bg7 4. Nc3 d6 5. e4 c5 6. Nge2 Nc6 7. d3 O-O 8. O-O
a6 9. h3 e5 10. Be3 Rb8 11. a4 Bd7 12. f4 Nd4 13. fxe5 dxe5 14. a5 b5 15. axb6
Rxb6 16. Bg5 Rxb2 17. Rxa6 Be6 18. Rf2 h6 19. Bxf6 Bxf6 20. Nd5 Bxd5 21. exd5
Bg5 22. Nxd4 Rxf2 23. Kxf2 exd4 1/2-1/2

[Event "I Cerrado U.E.Montcada 2013"]
[Site "Montcada i Reixac ESP"]
[Date "2013.03.17"]
[Round "8.5"]
[White "Lorenzo De La Riva, Lazaro"]
[Black "Perez Mitjans, Orelvis"]
[Result "0-1"]
[WhiteElo "2436"]
[BlackElo "2487"]
[PlyCount "96"]
[EventDate "2013.02.15"]
[EventType "tourn"]
[EventRounds "9"]
[EventCountry "ESP"]
[EventCategory "6"]
[Source "lmi"]
[SourceDate "2013.02.14"]

1. e4 e5 2. Nf3 Nc6 3. Bb5 a6 4. Ba4 Nf6 5. O-O Be7 6. Re1 b5 7. Bb3 d6 8. c3
O-O 9. h3 Na5 10. Bc2 c5 11. d4 Qc7 12. Nbd2 Bd7 13. Nf1 cxd4 14. cxd4 Rac8 15.
Bd3 Nc6 16. Be3 Qb8 17. a3 Bd8 18. Ng3 Kh8 19. b3 Bb6 20. d5 Na5 21. Bd2 Rc7
22. Rb1 Qd8 23. Re2 Ng8 24. Qe1 g6 25. Nf1 Ra7 26. b4 Nc4 27. Bxc4 bxc4 28. Be3
f5 29. Bxb6 Qxb6 30. N3d2 Bb5 31. a4 Bxa4 32. Nxc4 Qd8 33. Na5 Raf7 34. exf5
gxf5 35. f4 exf4 36. Qf2 Nf6 37. Nd2 Rg7 38. Qxf4 Qb6+ 39. Qf2 Qxf2+ 40. Rxf2
Nxd5 41. Ndc4 Nc3 42. Ra1 d5 43. Ne3 f4 44. g4 Bb5 45. Ng2 h5 46. Re1 f3 47.
Re3 Ne2+ 48. Rexe2 Bxe2 0-1

[Event "I Cerrado U.E.Montcada 2013"]
[Site "Montcada i Reixac ESP"]
[Date "2013.03.22"]
[Round "9.1"]
[White "Perez Mitjans, Orelvis"]
[Black "Martinez Ramirez, Erik"]
[Result "1-0"]
[WhiteElo "2487"]
[BlackElo "2302"]
[PlyCount "57"]
[EventDate "2013.02.15"]
[EventType "tourn"]
[EventRounds "9"]
[EventCountry "ESP"]
[EventCategory "6"]
[Source "lmi"]
[SourceDate "2013.02.14"]

1. e4 c5 2. Nf3 g6 3. d4 cxd4 4. Qxd4 Nf6 5. e5 Nc6 6. Qa4 Nd5 7. Qe4 Nc7 8.
Nc3 Bg7 9. Bc4 b5 10. Bb3 O-O 11. Bg5 Bb7 12. O-O-O Na5 13. Qh4 Nxb3+ 14. axb3
Re8 15. Bh6 Bxf3 16. gxf3 Bxe5 17. Ne4 Ne6 18. f4 Bg7 19. f5 Nf8 20. Rhg1 d5
21. Bxg7 Kxg7 22. Kb1 a5 23. Rg3 b4 24. Rh3 a4 25. bxa4 Rxa4 26. Nc5 Ra8 27.
fxg6 fxg6 28. Qh6+ Kf7 29. Rf3+ 1-0

[Event "I Cerrado U.E.Montcada 2013"]
[Site "Montcada i Reixac ESP"]
[Date "2013.03.22"]
[Round "9.3"]
[White "Panelo, Marcelo"]
[Black "Gomez Jurado, Luis Alberto"]
[Result "1-0"]
[WhiteElo "2429"]
[BlackElo "2255"]
[PlyCount "49"]
[EventDate "2013.02.15"]
[EventType "tourn"]
[EventRounds "9"]
[EventCountry "ESP"]
[EventCategory "6"]
[Source "lmi"]
[SourceDate "2013.02.14"]

1. d4 d5 2. c4 c6 3. Nf3 Nf6 4. Nc3 e6 5. Bg5 h6 6. Bh4 dxc4 7. e4 g5 8. Bg3 b5
9. Be2 a6 10. O-O Bb7 11. e5 Nh5 12. Ne4 Nd7 13. Nfxg5 Nxg3 14. fxg3 hxg5 15.
Bh5 Qb6 16. Bxf7+ Kd8 17. Bxe6 Nxe5 18. Nc5 Bc8 19. Rxf8+ Rxf8 20. dxe5+ Ke8
21. Qh5+ Ke7 22. Qxg5+ Ke8 23. Qg6+ Kd8 24. Rd1+ Kc7 25. Qg7+ 1-0